| 000 | 00624cam a22001817 4500 | ||
|---|---|---|---|
| 001 | ltf91040072 | ||
| 003 | DLC | ||
| 005 | 20260227111553.0 | ||
| 008 | 910410s1912 gw 000 0 ger | ||
| 010 | _altf91040072 | ||
| 040 |
_aDLC _cDLC _dDLC |
||
| 050 | 0 | 0 | _a4N 92 |
| 110 | 2 | _aGemäldegalerie (Dresden, Germany) | |
| 245 | 1 | 0 |
_aKatalog der Königlichen Gemäldegalerie zu Dresden; _chrsg. von der Generaldirektion der Königlichen Sammlungen für Kunst und Wissenschaft. Kleine Ausg. |
| 250 | _a8. Aufl. | ||
| 260 |
_aDresden, _bim Verlag Buchdr. der Wilhelm und Bertha v. Baensch Stiftung, _c1912. |
||
| 300 | _a344 p. | ||
| 999 |
_c37564 _d37564 |
||